USA States - Sudden Death - Statistics

General Stats
  • This quiz has been taken 485 times
  • The average score is 39 of 50
Answers on the Grid
Answers color-coded by a green-red scale on the quiz's grid according to % correct below.
California
Ozark
Appalachia
North Carolina
Westylvania
Rhode Island
Missouri
Delmarva
Alaska
Colorado
Oregon
Vermont
Washington
East Virginia
Delaware
Arizona
Huron
New Mexico
Montana
Iowa
Las Vegas
Oklahoma
Rio Grande
Florida
Nebraska
Bay Area
South Dakota
Georgia
Wyoming
Arkansas
Minnesota
Chesapeake
Texas
Virginia
Pacifica
Mississippi
Guam
Alabama
North Dakota
Kansas
Tennessee
Mariana Islands
Kentucky
Indiana
Aruba
Pennsylvania
Wisconsin
Michigan
Nevada
Louisiana
New England
Columbia
Maryland
West Virginia
Idaho
Beverly Hills
Maine
New Jersey
Northwoods
Connecticut
Sierra Nevada
Ohio
Utah
South Carolina
Cascadia
Erie
New York
Illinois
Massachusetts
Puerto Rico
New Hampshire
Portland
Hollywood
Hawaii
Bermuda
Silicon Valley
Yankeeshire
Chicago
 
Answer Stats
Answer % Correct
California
96%
Alaska
91%
Washington
90%
Colorado
86%
North Carolina
85%
Missouri
84%
Oregon
84%
Arizona
83%
Rhode Island
83%
Texas
83%
Nebraska
82%
New Mexico
82%
Wyoming
82%
Delaware
81%
Iowa
81%
Vermont
81%
Montana
80%
Oklahoma
80%
Tennessee
80%
Florida
79%
Nevada
79%
Georgia
78%
Virginia
78%
Alabama
77%
Arkansas
77%
Kentucky
77%
Minnesota
77%
Pennsylvania
77%
Kansas
76%
Louisiana
76%
Indiana
75%
Maine
75%
Maryland
75%
Mississippi
75%
South Dakota
75%
Massachusetts
74%
North Dakota
74%
Wisconsin
74%
Michigan
73%
New Jersey
73%
Ohio
73%
Hawaii
71%
Idaho
71%
Illinois
71%
New York
71%
West Virginia
71%
Connecticut
70%
South Carolina
70%
Utah
70%
New Hampshire
67%
No matching quizzes found
Score Distribution
Percent of People with Each Score
Percentile by Number Answered
Your Score History
You have not taken this quiz